RAJASWA BIGYANAR TATTWA ARU PRAYUG (Record no. 4852)
[ view plain ]
| 000 -LEADER | |
|---|---|
| fixed length control field | 00392cam a2200169ua 4500 |
| 008 - FIXED-LENGTH DATA ELEMENTS--GENERAL INFORMATION | |
| fixed length control field | 120215n1992 II |||frmmmmZ001|0|asm |
| 040 ## - CATALOGING SOURCE | |
| Original cataloging agency | MAIN |
| 041 ## - LANGUAGE CODE | |
| -- | English |
| 082 ## - DEWEY DECIMAL CLASSIFICATION NUMBER | |
| Classification number | 336 BAR |
| 100 ## - MAIN ENTRY--PERSONAL NAME | |
| Personal name | BARUA, BHUBON. |
| 245 ## - TITLE STATEMENT | |
| Title | RAJASWA BIGYANAR TATTWA ARU PRAYUG |
| 260 ## - PUBLICATION, DISTRIBUTION, ETC. | |
| Place of publication, distribution, etc. | DIBRUGARH |
| Name of publisher, distributor, etc. | BANALATA |
| Date of publication, distribution, etc. | 1992 |
| 300 ## - PHYSICAL DESCRIPTION | |
| Extent | 112: |
| Dimensions | 22CM. |
| 942 ## - ADDED ENTRY ELEMENTS (KOHA) | |
| Koha item type | Books |
| 653 ## - INDEX TERM--UNCONTROLLED | |
| Uncontrolled term | Public finance |
| Withdrawn status | Lost status | Damaged status | Not for loan | Collection code | Home library | Current library | Shelving location | Date acquired | Full call number | Barcode | Date last seen | Copy number | Price effective from | Koha item type |
|---|---|---|---|---|---|---|---|---|---|---|---|---|---|---|
| TBECO | Central Library and Information Centre Sibsagar Girls College | Central Library and Information Centre Sibsagar Girls College | Economics Rack | 19.06.1995 | 336 BAR | 13113 | 27.02.2020 | 1 | 27.02.2020 | Books | ||||
| TBECO | Central Library and Information Centre Sibsagar Girls College | Central Library and Information Centre Sibsagar Girls College | Economics Rack | 19.06.1995 | 336 BAR | 13114 | 27.02.2020 | 2 | 27.02.2020 | Books | ||||
| TBECO | Central Library and Information Centre Sibsagar Girls College | Central Library and Information Centre Sibsagar Girls College | Economics Rack | 19.06.1995 | 336 BAR | 13115 | 27.02.2020 | 3 | 27.02.2020 | Books | ||||
| TBECO | Central Library and Information Centre Sibsagar Girls College | Central Library and Information Centre Sibsagar Girls College | Economics Rack | 19.06.1995 | 336 BAR | 13116 | 27.02.2020 | 4 | 27.02.2020 | Books | ||||
| TBECO | Central Library and Information Centre Sibsagar Girls College | Central Library and Information Centre Sibsagar Girls College | Economics Rack | 19.06.1995 | 336 BAR | 13117 | 27.02.2020 | 5 | 27.02.2020 | Books |